| 000 | 00553cam a22001697a 4500 | ||
|---|---|---|---|
| 008 | 180718b1955 xxu||||| |||| 00| 0 eng d | ||
| 082 | _aCox42 K258 | ||
| 245 |
_aUnited kingdom: the development of its laws and constitutions _cedited by G. W. Keeton and D. Lloyd |
||
| 260 |
_aLondon _bStevens _c1955 |
||
| 300 | _a2v | ||
| 650 | _aConstitutional history --Great Britain. | ||
| 650 | _aConstitutional law --Great Britain | ||
| 650 | _aLaw --Great Britain --History | ||
| 650 | _aLaw --Great Britain | ||
| 700 | _aLloyd, D. | ||
| 700 | _aKeeton, G. W. | ||
| 999 |
_c423041 _d423041 |
||